|
|
|
|
| LEADER |
00000nam a22000007a 4500 |
| 003 |
CL-VaPUC |
| 005 |
20220921084655.0 |
| 008 |
200304b ||||| |||| 00| 0 eng d |
| 999 |
|
|
|c 416875
|d 416873
|
| 020 |
|
|
|a 9788413098562
|
| 040 |
|
|
|c Pontificia Universidad Católica de Valparaíso
|
| 082 |
|
|
|a 344.82046 MOS 2019
|
| 100 |
1 |
|
|a Moscoso Restovic, Pía M.
|9 719910
|
| 245 |
1 |
0 |
|a Responsabilidad ambiental internacional en proyectos mineros binacionales:
|b análisis desde el Derecho Internacional Privado
|
| 260 |
3 |
|
|a Navarra, España
|b Aranzadi
|c 2019
|
| 300 |
|
|
|a 97 p
|
| 490 |
0 |
|
|a Estudios
|
| 505 |
|
|
|a I. De la responsabilidad extracontractual por daño ambiental en el contexto del tratado de integración y complementación minera chileno-argentina. II. De la responsabilidad internacional y los derechos ambientales transfronterizos y/o transnacionales. III. Derecho aplicable en materia de responsabilidad extracontractual por daño ambiental.
|
| 583 |
|
|
|c 20200304
|k Daniel Castañeda
|
| 650 |
0 |
0 |
|a Daño ambiental
|9 485962
|
| 650 |
0 |
0 |
|a Protección del medio ambiente
|9 257626
|
| 650 |
0 |
0 |
|a Derecho ambiental
|9 257835
|
| 942 |
|
|
|2 ddc
|c BK
|
| 952 |
|
|
|0 0
|1 0
|2 ddc
|4 0
|6 344_820460000000000_MOS_2019
|7 0
|9 551545
|a BIBDER
|b BIBDER
|d 2020-03-04
|i 5617421
|o 344.82046 MOS 2019
|p 5617421
|r 2023-01-25
|t 1
|w 2020-03-04
|y MX
|k DER
|